[Event "7th Washington Open 2018"]
[Site "Rockville"]
[Date "2018.08.14"]
[Round "8"]
[White "Brodsky, David"]
[Black "Friedel, Joshua E"]
[Result "0-1"]
[WhiteElo "2402"]
[BlackElo "2553"]
[Annotator "TA"]
[PlyCount "106"]
[EventDate "2018.08.11"]
[EventType "swiss"]
[EventCountry "USA"]
[SourceTitle "playchess.com"]
[Source "ChessBase"]
[SourceQuality "1"]

{[%evp 21,106,2,0,-9,9,2,20,4,4,3,16,14,17,9,5,0,9,-22,-15,-20,-14,-15,-13,-14,0,-20,-23,-47,-38,-40,-33,-47,-46,-47,-47,-43,-41,-50,-49,-52,-56,-71,-56,-55,-59,-51,-36,-63,-56,-50,-87,-70,-54,-515,-503,-493,-493,-490,-494,-475,0,-462,-449,-826,-800,-797,-787,-753,-375,-385,0,-634,0,-382,-367,-628,-621,-29979,-29980,-29982,-29983,-29983,-29984,-29984,-29985,-29993,-29994]} 1. d4 Nf6 2. c4 e6 3. Nc3 Bb4 4. e3 O-O 5. Bd3 d5 6. Nf3 b6 7. O-O Ba6 {E52: Nimzoindisch (Moderne Variante)} 8. cxd5 exd5 9. Bxa6 (9. Ne5 Bxd3 10. Nxd3 Bxc3 11. bxc3 Nc6 12. Qc2 Na5 13. Ba3 Re8 14. Nb2 Ne4 15. Rad1 {½-½ (72) Duda,J (2737)-Kovalev,V (2655) Dortmund 2018}) 9... Nxa6 10. Qa4 Qc8 11. Bd2 Re8 {LiveBook: 16 Partien} 12. a3 Bxc3 13. Bxc3 Ne4 14. Rac1 Qb7 15. b4 $146 ({Vorgänger:} 15. Qd7) 15... b5 16. Qc2 c6 17. Nd2 Nd6 18. Rfe1 Nc7 19. e4 Nxe4 20. Nxe4 dxe4 21. Bd2 Re6 22. Rxe4 Rae8 23. Rce1 Qc8 24. h3 Qd7 25. Rxe6 Rxe6 26. Rxe6 Nxe6 27. Be3 Qd5 28. a4 a6 29. axb5 axb5 30. Qc3 h6 31. f3 Qd6 32. Kf2 Nc7 33. Qc5 Qg6 34. Bf4 Nd5 35. Bd6 Qd3 {...Dd2+ ist eine echte Drohung.} 36. Qxc6 Qd2+ 37. Kg1 $2 {[%mdl 8192]} ({Der einzige Zug:} 37. Kg3 $15 Ne3 38. h4) 37... Ne3 $19 {[%csl Ge3][%cal Rd2g2]} 38. f4 Qe1+ 39. Kh2 Nf1+ 40. Kg1 Ng3+ 41. Kh2 {[#]} h5 $1 {[%cal Rh5h4]} 42. Qc8+ (42. Be7 $142 Nf1+ 43. Kg1 Nd2+ 44. Kh2 Qxe7 45. Qc8+ Kh7 46. Qc2+ Ne4 47. Qc6) 42... Kh7 {( -> ...h4)} 43. Be7 Nf1+ ({Minderwertig wäre} 43... Qxe7 44. Kxg3 Qe3+ 45. Kh2 $11) 44. Kg1 Nd2+ 45. Kh2 Nf1+ $2 (45... Qxe7 46. Qc5 Nf1+ 47. Kg1 Qxc5 48. dxc5 Ne3) 46. Kg1 $1 Nd2+ 47. Kh2 Qxe7 48. Qf5+ $2 (48. Qc2+ Ne4 49. Qd3) 48... g6 49. Qxb5 Qe1 {Schwarz setzt Matt.} 50. Qe5 Nf1+ 51. Kg1 Ne3+ 52. Kh2 Qe2 {[%csl Ge3][%cal Re2g2]} 53. Qg5 {[#]} f6 $1 {Precision: Weiß = 33%, Schwarz = 67%.} 0-1

[Event "7th Washington Open 2018"]
[Site "Rockville"]
[Date "2018.08.15"]
[Round "9"]
[White "Sevian, Samuel"]
[Black "Chandra, Akshat"]
[Result "1-0"]
[WhiteElo "2645"]
[BlackElo "2487"]
[Annotator "TA"]
[PlyCount "35"]
[EventDate "2018.08.11"]
[EventType "swiss"]
[EventCountry "USA"]
[SourceTitle "playchess.com"]
[Source "ChessBase"]
[SourceQuality "1"]

{[%evp 26,35,44,24,16,7,31,16,51,52,22,22]} 1. e4 $146 c5 2. Nf3 e6 3. d4 cxd4 4. Nxd4 Nc6 5. Nc3 Qc7 6. Be3 a6 7. Qd2 Nf6 8. O-O-O Bb4 9. f3 Ne7 {B48: Sicilian: Taimanov: 5 Nc3 Qc7 6 Be3 a6 without Be2} 10. Nde2 b5 11. Bf4 e5 12. Bg5 h5 13. Kb1 Ba5 14. Bxf6 {LiveBook: 5 Games} gxf6 15. h4 Bb7 16. Qd3 O-O-O {[#] aiming for ...d5.} 17. Nd5 $1 {[%cal Rd5c7]} Nxd5 18. exd5 {[%mdl 32768] Loss on Time!?} 1-0

[Event "7th Washington Open 2018"]
[Site "Rockville"]
[Date "2018.08.15"]
[Round "9"]
[White "Stukopin, Andrey"]
[Black "Postny, Evgeny"]
[Result "1/2-1/2"]
[WhiteElo "2598"]
[BlackElo "2586"]
[Annotator "ChessBase"]
[PlyCount "35"]
[EventDate "2018.08.11"]
[EventType "swiss"]
[EventCountry "USA"]
[SourceTitle "playchess.com"]
[Source "ChessBase"]
[SourceQuality "1"]
[TimeControl "40/5400+30:1200+30"]

1. e4 {[%emt 0:01:16]} c6 {[%emt 0:00:17]} 2. d4 {[%emt 0:00:53]} d5 {[%emt 0:00:05]} 3. exd5 {[%emt 0:00:47]} cxd5 {[%emt 0:00:06]} 4. Bd3 {[%emt 0:00:04]} Nc6 {[%emt 0:00:29]} 5. c3 {[%emt 0:00:05]} Nf6 {[%emt 0:01:09]} 6. Bf4 {[%emt 0:00:21]} Bg4 {[%emt 0:00:31]} 7. Qb3 {[%emt 0:00:12]} e5 {[%emt 0:00:20]} 8. Bxe5 {[%emt 0:07:49]} Qe7 {[%emt 0:05:32]} 9. Ne2 {[%emt 0:13:44]} Nxe5 {[%emt 0:04:36]} 10. dxe5 {[%emt 0:00:06]} Qxe5 {[%emt 0:00:06]} 11. Qxb7 {[%emt 0:00:25]} Rb8 {[%emt 0:00:10]} 12. Qxa7 {[%emt 0:00:03]} Rxb2 {[%emt 0:06:03]} 13. Qa8+ {[%emt 0:00:45]} Kd7 {[%emt 0:05:44]} 14. Qa7+ {[%emt 0:07:33]} Kd8 {[%emt 0:04:58]} 15. Qa8+ {[%emt 0:09:11]} Kc7 {[%emt 0:00:43]} 16. Qa7+ {[%emt 0:00:29]} Kd8 {[%emt 0:07:15]} 17. Qa8+ {[%emt 0:00:25]} Kc7 {[%emt 0:04:42]} 18. Qa7+ {[%emt 0:00:11]} 1/2-1/2

[Event "7th Washington Open 2018"]
[Site "Rockville"]
[Date "2018.08.15"]
[Round "9"]
[White "Azarov, Sergei Nikolaevich"]
[Black "Dragun, Kamil"]
[Result "1/2-1/2"]
[WhiteElo "2574"]
[BlackElo "2594"]
[Annotator "RC"]
[PlyCount "69"]
[EventDate "2018.08.11"]
[EventType "swiss"]
[EventCountry "USA"]
[SourceTitle "playchess.com"]
[Source "ChessBase"]
[SourceQuality "1"]
[TimeControl "40/5400+30:1200+30"]

1. e4 c5 {[%emt 0:04:13]} 2. Nf3 {[%emt 0:00:00]} g6 {[%emt 0:00:09]} 3. d4 {[%emt 0:00:34]} cxd4 {[%emt 0:00:18]} 4. Nxd4 {[%emt 0:00:10]} Bg7 {[%emt 0:00:48]} 5. Nc3 {[%emt 0:01:22]} Nc6 {[%emt 0:00:22]} 6. Be3 {[%emt 0:00:27]} Nf6 {[%emt 0:00:28]} 7. Bc4 {[%emt 0:01:29]} O-O {[%emt 0:02:44]} 8. Bb3 {[%emt 0:01:00]} Re8 {[%emt 0:02:33]} 9. f3 {[%emt 0:08:49]} e6 {[%emt 0:04:06]} 10. f4 {[%emt 0:00:41]} Nd5 {[%emt 0:40:55]} 11. exd5 {[%emt 0:23:54]} exd5 {[%emt 0:00:38]} 12. Kf2 {[%emt 0:01:00]} Rxe3 {[%emt 0:00:20]} 13. Kxe3 {[%emt 0:00:22]} Nxd4 {[%emt 0:02:13]} 14. Nxd5 {[%emt 0:03:04]} Nf5+ {[%emt 0:05:24]} 15. Kd2 {[%emt 0:18:45]} Bxb2 {[%emt 0:00:21]} 16. Re1 {[%emt 0:13:02]} d6 {[%emt 0:00:58]} 17. c3 {[%emt 0:03:23]} Be6 {[%emt 0:14:58]} 18. Rb1 {[%emt 0:00:28]} Ba3 {[%emt 0:01:17]} 19. g4 {[%emt 0:03:36]} Nd4 {[%emt 0:07:28]} 20. cxd4 {[%emt 0:01:26]} Bxd5 {[%emt 0:00:14]} 21. Bxd5 {[%emt 0:00:33]} Qa5+ {[%emt 0:00:01]} 22. Kd3 {[%emt 0:00:27]} Qxd5 {[%emt 0:00:01]} 23. Qb3 {[%emt 0:00:40]} Qf3+ {[%emt 0:00:23]} 24. Re3 {[%emt 0:00:16]} Qxg4 {[%emt 0:00:05]} 25. Qd5 {[%emt 0:01:04]} Rf8 {[%emt 0:04:48]} 26. h3 {[%emt 0:03:06]} Qxf4 {[%emt 0:02:25]} 27. Rf3 {[%emt 0:00:19]} Qh2 {[%emt 0:00:03]} 28. Rbf1 {[%emt 0:09:59]} Bb4 {[%emt 0:00:39]} 29. R1f2 {[%emt 0:00:43]} Qh1 {[%emt 0:00:12]} 30. Rf1 {[%emt 0:00:18]} Qg2 31. R1f2 Qh1 {[%emt 0:00:22]} 32. Rf1 {[%emt 0:04:27]} Qg2 {[%emt 0:00:02]} 33. R1f2 {[%emt 0:00:26]} Qh1 {[%emt 0:00:01]} 34. Rf1 {[%emt 0:00:35]} Qg2 {[%emt 0:00:05]} 35. Ke4 1/2-1/2

[Event "7th Washington Open 2018"]
[Site "Rockville"]
[Date "2018.08.15"]
[Round "9"]
[White "Gabuzyan, Hovhannes"]
[Black "Huschenbeth, Niclas"]
[Result "1/2-1/2"]
[WhiteElo "2556"]
[BlackElo "2590"]
[Annotator "RC"]
[PlyCount "52"]
[EventDate "2018.08.11"]
[EventType "swiss"]
[EventCountry "USA"]
[SourceTitle "playchess.com"]
[Source "ChessBase"]
[SourceQuality "1"]
[TimeControl "40/5400+30:1200+30"]

1. Nf3 {[%emt 0:02:25]} d5 {[%emt 0:00:00]} 2. g3 {[%emt 0:00:05]} Nf6 {[%emt 0:01:19]} 3. Bg2 {[%emt 0:00:04]} e6 {[%emt 0:00:14]} 4. c4 {[%emt 0:00:05]} d4 {[%emt 0:00:04]} 5. O-O {[%emt 0:01:15]} c5 {[%emt 0:00:03]} 6. d3 {[%emt 0:00:05]} Nc6 {[%emt 0:00:11]} 7. e3 {[%emt 0:00:14]} Bd6 {[%emt 0:00:15]} 8. exd4 {[%emt 0:00:06]} cxd4 {[%emt 0:00:03]} 9. a3 {[%emt 0:01:12]} a5 {[%emt 0:00:09]} 10. Bg5 {[%emt 0:00:08]} h6 {[%emt 0:00:04]} 11. Bxf6 {[%emt 0:00:05]} Qxf6 {[%emt 0:00:03]} 12. Nbd2 {[%emt 0:00:05]} Qe7 {[%emt 0:00:29]} 13. Re1 {[%emt 0:00:29]} O-O {[%emt 0:00:48]} 14. Rc1 {[%emt 0:07:13]} Rd8 {[%emt 0:12:23]} 15. Qe2 {[%emt 0:00:55]} a4 {[%emt 0:05:26]} 16. Ne4 {[%emt 0:01:14]} Bc7 {[%emt 0:00:34]} 17. c5 {[%emt 0:00:15]} Bd7 {[%emt 0:14:20]} 18. Nfd2 {[%emt 0:02:28]} Na5 {[%emt 0:03:29]} 19. f4 {[%emt 0:08:07]} Bc6 {[%emt 0:01:23]} 20. Qh5 {[%emt 0:01:48]} Qd7 {[%emt 0:24:57]} 21. Re2 {[%emt 0:06:09]} Bb5 {[%emt 0:04:51]} 22. Nf2 {[%emt 0:05:19]} f5 {[%emt 0:02:10]} 23. Rce1 {[%emt 0:05:19]} Re8 {[%emt 0:00:17]} 24. Nf3 {[%emt 0:01:47]} Nc6 {[%emt 0:02:01]} 25. Nh4 {[%emt 0:10:06]} Qf7 {[%emt 0:01:03]} 26. Bf3 {[%emt 0:00:17]} Ba5 {[%emt 0:11:00]} 1/2-1/2

[Event "7th Washington Open 2018"]
[Site "Rockville"]
[Date "2018.08.15"]
[Round "9"]
[White "Friedel, Joshua E"]
[Black "Baryshpolets, Andrey"]
[Result "1/2-1/2"]
[WhiteElo "2553"]
[BlackElo "2609"]
[Annotator "TA"]
[PlyCount "34"]
[EventDate "2018.08.11"]
[EventType "swiss"]
[EventCountry "USA"]
[SourceTitle "playchess.com"]
[Source "ChessBase"]
[SourceQuality "1"]

{[%evp 20,34,30,27,30,35,41,16,7,16,59,33,46,55,80,12,58]} 1. Nf3 d5 2. g3 c6 3. Bg2 Bg4 4. O-O Nd7 5. d3 Ngf6 6. h3 Bh5 7. Qe1 {A07: Réti Opening: New York and Capablanca Systems} e5 8. e4 dxe4 (8... Bd6 9. exd5 Bxf3 10. Bxf3 Nxd5 11. Nc3 Nxc3 12. bxc3 O-O 13. a4 a5 14. Bg2 Qc7 {½-½ (75) Howell,D (2682)-Vitiugov,N (2732) Caleta 2018}) 9. dxe4 Be7 10. Nh4 O-O 11. Nf5 {LiveBook: 13 Games} Re8 12. Nxe7+ Qxe7 13. Nd2 $146 ({Predecessor:} 13. Be3 Nc5 14. f3 Nfd7 {1-0 (32) Bivol,A (2356)-Girya,O (2505) Sochi 2017}) 13... Qc5 14. c3 Qb5 15. f3 Nc5 16. Qe3 Red8 {[#]} 17. Nb3 ({White should play} 17. a4 $1 $16 {[%mdl 512]} Nxa4 18. Re1) 17... Na4 1/2-1/2

[Event "7th Washington Open 2018"]
[Site "Rockville"]
[Date "2018.08.15"]
[Round "9"]
[White "Becerra, Julio J"]
[Black "Henderson de la Fuente, Lance"]
[Result "1-0"]
[WhiteElo "2529"]
[BlackElo "2485"]
[Annotator "ChessBase"]
[PlyCount "89"]
[EventDate "2018.08.11"]
[EventType "swiss"]
[EventCountry "USA"]
[SourceTitle "playchess.com"]
[Source "ChessBase"]
[SourceQuality "1"]
[TimeControl "40/5400+30:1200+30"]

1. e4 {[%emt 0:01:14]} e6 {[%emt 0:00:00]} 2. d4 {[%emt 0:00:31]} d5 {[%emt 0:00:00]} 3. Nc3 {[%emt 0:00:14]} Nf6 {[%emt 0:00:00]} 4. Bg5 {[%emt 0:00:20]} Bb4 {[%emt 0:00:06]} 5. e5 {[%emt 0:00:14]} h6 {[%emt 0:00:08]} 6. Bd2 {[%emt 0:00:15]} Bxc3 {[%emt 0:00:18]} 7. bxc3 {[%emt 0:00:08]} Ne4 {[%emt 0:00:11]} 8. Qg4 {[%emt 0:00:11]} Kf8 {[%emt 0:00:17]} 9. Bd3 {[%emt 0:00:45]} Nxd2 {[%emt 0:00:21]} 10. Kxd2 {[%emt 0:00:06]} c5 {[%emt 0:00:25]} 11. Nf3 {[%emt 0:00:19]} c4 {[%emt 0:00:35]} 12. Be2 {[%emt 0:00:06]} Nc6 {[%emt 0:00:20]} 13. Qf4 {[%emt 0:10:56]} Bd7 {[%emt 0:02:29]} 14. Rhb1 {[%emt 0:03:38]} Rb8 {[%emt 0:00:59]} 15. h4 {[%emt 0:00:29]} Qe7 {[%emt 0:05:49]} 16. a3 {[%emt 0:01:38]} Kg8 {[%emt 0:01:23]} 17. g4 {[%emt 0:02:55]} b5 {[%emt 0:03:25]} 18. h5 {[%emt 0:01:26]} f6 {[%emt 0:03:03]} 19. a4 {[%emt 0:07:56]} b4 {[%emt 0:02:27]} 20. cxb4 {[%emt 0:01:36]} Rxb4 {[%emt 0:01:34]} 21. c3 {[%emt 0:03:26]} Rxb1 {[%emt 0:03:22]} 22. Rxb1 {[%emt 0:00:05]} fxe5 {[%emt 0:03:40]} 23. Nxe5 {[%emt 0:13:18]} Nxe5 {[%emt 0:00:20]} 24. dxe5 {[%emt 0:01:41]} Bxa4 {[%emt 0:01:14]} 25. Ra1 {[%emt 0:01:03]} Bb5 {[%emt 0:06:25]} 26. Bd1 {[%emt 0:00:22]} a6 {[%emt 0:00:26]} 27. Bc2 {[%emt 0:09:09]} Qg5 {[%emt 0:00:25]} 28. Ke3 {[%emt 0:06:15]} Qxf4+ {[%emt 0:01:01]} 29. Kxf4 {[%emt 0:00:02]} Kf7 {[%emt 0:01:16]} 30. Ke3 {[%emt 0:01:00]} Ra8 {[%emt 0:00:40]} 31. Ra5 {[%emt 0:01:16]} Ke7 {[%emt 0:00:48]} 32. f4 {[%emt 0:00:11]} Kd7 {[%emt 0:02:25]} 33. Kd4 {[%emt 0:01:12]} Kc6 {[%emt 0:03:05]} 34. f5 {[%emt 0:03:16]} Kb6 {[%emt 0:02:01]} 35. Ra1 {[%emt 0:00:08]} Bd7 {[%emt 0:03:39]} 36. fxe6 {[%emt 0:02:41]} Bxe6 {[%emt 0:00:08]} 37. Bf5 {[%emt 0:00:04]} Bf7 {[%emt 0:25:30]} 38. Bd7 {[%emt 0:06:01]} Kc7 {[%emt 0:01:42]} 39. e6 {[%emt 0:00:30]} Kd6 {[%emt 0:03:47]} 40. exf7 {[%emt 0:00:23]} Kxd7 {[%emt 0:00:13]} 41. Rxa6 {[%emt 0:20:13]} Rb8 {[%emt 0:34:53]} 42. Rg6 {[%emt 0:04:38]} Ke7 {[%emt 0:00:15]} 43. Rxg7 {[%emt 0:00:07]} Rb1 {[%emt 0:01:53]} 44. Kxd5 {[%emt 0:00:19]} Kf8 {[%emt 0:00:53]} 45. Rg6 {[%emt 0:00:39]} 1-0

[Event "7th Washington Open 2018"]
[Site "Rockville"]
[Date "2018.08.15"]
[Round "9"]
[White "Burke, John Michael"]
[Black "Popilski, Gil"]
[Result "1-0"]
[WhiteElo "2526"]
[BlackElo "2491"]
[Annotator "TA"]
[PlyCount "79"]
[EventDate "2018.08.11"]
[EventType "swiss"]
[EventCountry "USA"]
[SourceTitle "playchess.com"]
[Source "ChessBase"]
[SourceQuality "1"]

{[%evp 26,79,16,19,29,26,23,22,33,29,41,29,21,17,46,44,75,94,109,107,51,0,52,60,90,100,204,202,190,168,338,316,299,306,593,587,592,587,587,581,581,581,564,525,587,557,586,518,1543,1358,4129,4129,29994,29995,29995,29996]} 1. e4 e5 2. Nf3 Nc6 3. d4 exd4 4. Nxd4 Nf6 5. Nxc6 bxc6 6. e5 Qe7 7. Qe2 Nd5 8. c4 Ba6 9. Nd2 g6 10. Nf3 {C45: Scotch Game} Bg7 (10... Qb4+ 11. Kd1 Rb8 12. Qc2 Ne7 13. a3 Qb6 14. b4 c5 15. Bd3 cxb4 16. axb4 Bb7 17. b5 Bg7 {½-½ (30) Ponkratov,P (2613)-Svidler,P (2765) Riadh 2017}) 11. Bg5 f6 12. exf6 Qxe2+ 13. Bxe2 Nxf6 14. O-O-O {LiveBook: 33 Games} Ne4 15. Rhe1 {Strongly threatening Bd3.} Nxg5 16. Nxg5 O-O 17. Rxd7 Rxf2 18. Rxg7+ $146 Kxg7 19. Ne6+ Kh6 {aiming for ...Bc8.} 20. Nxc7 Rc8 21. Nxa6 {Black must now prevent Bf3.} Re8 {[#]} 22. Kd1 $1 Rxg2 23. c5 (23. Nb4 $14) 23... Rxh2 (23... Rd8+ $11 24. Kc1 Re8) 24. Bf3 $1 $14 Rd8+ 25. Kc1 Rdd2 (25... Rc8 $16 {was necessary.}) 26. Rh1 $18 g5 27. b4 (27. Bxc6 g4 $11) 27... Rxa2 $2 (27... Rc2+ 28. Kd1 Rcd2+ 29. Ke1 Rxh1+ 30. Kxd2 Rh2+ 31. Ke3 Rxa2) 28. Rxh2+ Rxh2 {[#]} 29. b5 $1 {[%cal Rb5c6]} cxb5 $2 (29... Rf2 30. Bg4 (30. Bxc6 g4 $11) 30... cxb5) 30. c6 Rh4 31. Bd5 Rf4 32. c7 Rf8 33. Be6 Kh5 34. Kd2 g4 {...g3 would now be nice for Black.} 35. Ke2 Kh4 36. Nb4 h5 (36... Kg5 $142 37. Nc6 g3) 37. Nc6 g3 38. c8=Q g2 39. Qxf8 {[%cal Rf8f4]} g1=Q 40. Qf4+ {Precision: White = 86%, Black = 16%.} 1-0

[Event "7th Washington Open 2018"]
[Site "Rockville"]
[Date "2018.08.15"]
[Round "9"]
[White "Khamrakulov, Djurabek"]
[Black "Vidal, Yuri Gonzal"]
[Result "1/2-1/2"]
[WhiteElo "2489"]
[BlackElo "2559"]
[Annotator "TA"]
[PlyCount "129"]
[EventDate "2018.08.11"]
[EventType "swiss"]
[EventCountry "USA"]
[SourceTitle "playchess.com"]
[Source "ChessBase"]
[SourceQuality "1"]

{[%evp 24,129,11,0,5,-13,-9,-4,-1,-33,10,16,12,10,13,8,11,14,37,37,77,72,74,74,78,78,82,89,107,107,107,107,118,55,49,45,46,55,50,47,54,33,72,72,72,72,72,22,72,23,68,68,72,68,68,68,68,68,77,77,77,72,72,72,72,72,72,72,72,0,72,72,72,72,72,72,72,72,72,72,72,72,72,72,72,72,72,72,72,72,72,72,72,72,76,72,72,72,72,72,72,72,72,72,72,72,72,72]} 1. e4 e5 2. Nf3 Nc6 3. d4 exd4 4. Nxd4 Nf6 5. Nc3 Bb4 6. Nxc6 bxc6 7. Bd3 d5 8. exd5 cxd5 9. O-O O-O 10. h3 {C47: Scotch Four Knights and Four Knights with 4 g3} (10. Bg5 c6 11. Qf3 Bd6 12. Rae1 Rb8 13. Nd1 h6 14. Bxf6 Qxf6 15. Qxf6 gxf6 16. b3 Be6 17. Ne3 Bb4 18. Rd1 Rfe8 19. Nf5 Bxf5 20. Bxf5 Re5 21. f4 {½-½ (30) Wei,Y (2734)-Yu,Y (2759) Hangzhou 2018}) 10... Re8 11. Qf3 c6 12. Bf4 Qe7 13. Ne2 {LiveBook: 5 Games} Ne4 14. Nd4 Bd7 15. c3 Bc5 $146 ({Predecessor:} 15... Bd6 16. Rae1 Qh4 17. Bxd6 Nxd6 {½-½ (27) Leao,T (2011)-Sega,C (2192) Sao Paulo 2018}) 16. Rfe1 Bxd4 17. cxd4 Qb4 18. Bxe4 Rxe4 19. Rxe4 dxe4 20. Qc3 Qa4 21. Qg3 $36 {[%mdl 2048] Be5 is the strong threat. White has good play.} Bf5 22. b3 Qa5 23. Rc1 Qxa2 24. Rxc6 Qb1+ 25. Kh2 Qd3 26. Qg5 e3 27. fxe3 Re8 28. Be5 (28. Rd6 $16 {Hoping for Rd8.} h6 29. Rxh6) 28... Bg6 $14 29. Qe7 {[%cal Re7e8] [#]} f6 ({Not} 29... Rxe7 30. Rc8+ Re8 31. Rxe8#) 30. Rc8 Qb5 31. Bb8 a6 32. d5 Rxc8 33. Qe6+ Bf7 34. Qxc8+ Qe8 35. Qxe8+ Bxe8 $16 {[%mdl 4096] Endgame KB-KB} 36. Bc7 Bb5 37. Kg3 Kf7 38. e4 Bd3 39. Kf4 Bf1 40. Kf3 Ke7 41. h4 h5 42. g4 hxg4+ 43. Kxg4 g6 44. Kf3 Bd3 45. Ke3 Bf1 46. Kf3 Bd3 $1 47. Kf4 {White is better.} Bf1 48. Ba5 Bg2 49. Bb4+ Kf7 50. Bc5 Bh1 51. b4 Bg2 52. Bb6 Bh1 53. Bc7 Bg2 54. Ke3 Bh1 55. Kd4 Bg2 56. Bf4 Bf3 57. Bc1 Bg2 58. Ba3 Bf3 59. Ke3 Bg2 60. Kf4 Bh1 61. Bb2 Bg2 62. Bd4 Bh1 63. Bc3 Bg2 64. Ke3 f5 65. exf5 {Precision: White = 78%, Black = 71%.} 1/2-1/2

[Event "7th Washington Open 2018"]
[Site "Rockville"]
[Date "2018.08.15"]
[Round "9"]
[White "Checa, Nicolas D"]
[Black "Perelshteyn, Eugene"]
[Result "1/2-1/2"]
[WhiteElo "2478"]
[BlackElo "2498"]
[Annotator "TA"]
[PlyCount "42"]
[EventDate "2018.08.11"]
[EventType "swiss"]
[EventCountry "USA"]
[SourceTitle "playchess.com"]
[Source "ChessBase"]
[SourceQuality "1"]

{[%evp 14,42,39,32,47,38,44,44,41,20,78,64,56,23,38,35,38,7,15,12,20,-2,-2,-2,0,0,7,0,10,-4,14]} 1. d4 g6 2. c4 Bg7 3. Nc3 d6 4. Nf3 a6 5. e3 Nf6 6. Be2 O-O 7. O-O c6 8. b4 {[%cal Bb2b4,Bb4b5][%mdl 32] LiveBook: 4 Games} a5 $146 {E61: King's Indian: Early deviations for White, including Smyslov System} ({Predecessor:} 8... b5 9. cxb5 axb5 10. Bd2 Bb7 11. a4 bxa4 12. Rxa4 Nbd7 13. Qb3 Rxa4 14. Qxa4 Qa8 15. Ra1 Qxa4 16. Rxa4 {½-½ (31) Stavrianakis,I (2277)-Naoum,S (2283) Achaea 2016}) 9. b5 Nbd7 10. Bb2 c5 {White is slightly better.} 11. Qc2 e6 (11... cxd4 $11 12. exd4 b6) 12. Rad1 $16 Qc7 13. d5 {And now dxe6 would win.} e5 {[%cal Be6e5,Be5e4,Be4f3][%mdl 32]} 14. Nd2 Nb6 15. Nce4 Nxe4 {The position is equal.} 16. Nxe4 f5 17. Nd2 e4 18. Rde1 Bxb2 19. Qxb2 Qg7 20. Qxg7+ Kxg7 21. f4 exf3 {Precision: White = 42%, Black = 39%.} 1/2-1/2